00510nam a2200193 a 4500001001300000003000900013005001700022008004100039020001000080082001300090100003000103245004200133260003800175300000900213500003500222505001000257650001900267700003000286nice12345678IN_TiNIC20260116012848.0050524s1948 hyda grp 000 0 per  ac10000a295bYAZ aYazdi, Fatahullah Maftoon aWandedaad, Hissa Suwam Kitab Awastaed aHyderabadbNizam Governmentc1948 a179p aincludes index and biblioraphy2 aIndex aZoroastrianism1 aYazdi, Fatahullah Maftoon